Представление документа в формате RUSMARC

ПолеНазваниеЗначение
  Тип записи a
  Библиографический уровень m
001 Контрольный номер 68d8a654c3ad44fa87ee56dc82e7c399
005 Дата корректировки 20141013145457.8
200 Заглавие и сведения об ответственности 1_
a Заглавие История менеджмента
e Сведения, относящиеся к заглавию Учебник
f Первые сведения об ответственности Ассоциация авторов и издателей "Тандем"
210 Выходные данные 1_
a Место издания Москва
c Издательство "ЭКМОС"
d Дата издания 1997
215 Физическое описание __
a Объем 223
606 Тематические рубрики __
a Основная рубрика Междунар.экон.отношения
610 Ключевые слова 0_
a Ключевые слова Менеджмент
686 Индексы других классификаций __
a Классификационный индекс 65.050
2 Код системы rubbk
686 Индексы других классификаций __
a Классификационный индекс 65.050.9(2)я73
2 Код системы rubbk
700 Автор _1
a Фамилия Уткин, Эдуард Андреевич
801 Источник записи _0
a Страна RU
b Организация РУК
c Дата составления 20040315
g Правила каталогизации PSBO
801 Источник записи _1
a Страна RU
b Организация РУК
c Дата составления 20040315
g Правила каталогизации PSBO
852 Данные о местонахождении __
i Авторский знак У-84
j Шифр хранения 65.050.9(2)я73
901 Тип документа __
t Тип документа m
938 Служебная информация __
a Название организации Головной вуз
b Имя БД BOOK
c Название АИБС АИБС ИРБИС
938 Служебная информация __
a Название организации Ижевский филиал